00649nam a2200253Ia 450000500170000000800460001702000180006303700100008104000080009104000080009904000080010704100080011504100080012308400080013110000090013924500280014826000310017626000090020765000120021685600450022894200100027399900210028395200910030420260306155010.0008 260114s9999 xx 000 0 eng d a9781107050990 aEBOOK aCRL beng cCRL 2eng aeng qCRL aCarr 0aUniverse or Multiverse? bCambridge University Press c2014 aPhysics uhttps://doi.org/10.1017/CBO9781107050990 cEBOOK c1709904d1709904 00104070aCRLbCRLd2026-03-06l0pCL1989912r2026-03-06 15:50:10w2026-03-06yEBOOK